Mark Of Plague (Record no. 261045)
[ view plain ]
| 000 -LEADER | |
|---|---|
| fixed length control field | 00283nam a22001097a 4500 |
| 020 ## - INTERNATIONAL STANDARD BOOK NUMBER | |
| ISBN | 9781481446747 |
| 100 ## - MAIN ENTRY--AUTHOR NAME | |
| Personal name | Kevin Sands |
| 245 ## - TITLE STATEMENT | |
| Title | Mark Of Plague |
| 260 ## - PUBLICATION, DISTRIBUTION, ETC. (IMPRINT) | |
| Place of publication | United States Of America |
| Name of publisher | Simion and Schuster childrens publishing Division |
| Year of publication | 2016 |
| 300 ## - PHYSICAL DESCRIPTION | |
| Number of Pages | 529 |
| 942 ## - ADDED ENTRY ELEMENTS (KOHA) | |
| Koha item type | Long Loan Books |
| Withdrawn status | Lost status | Collection code | Home library | Current library | Shelving location | Date acquired | Accession Number | Koha item type |
|---|---|---|---|---|---|---|---|---|
| Fiction | Rongo University Library | Rongo University Library | Children's Area | 27/10/2023 | CL 20221873 | Long Loan Books |
